000 02117cam a2200517 i 4500
001 39833
003 KOSZ 005
005 20220829141524.0
008 220817s2000 pl a f f 000 0 pol
015 _aPB 2002/1976
020 _a8321341977
040 _aWA N
_cWA N
_dKOSZ 005/RW
_dKOSZ 005/HR
046 _k2000
080 _a624.014
080 _a(075.8)
100 1 _aŁubiński, Mieczysław
_d(1921-2004)
_eAutor
245 1 0 _aKonstrukcje metalowe.
_nCz. 1,
_pPodstawy projektowania /
_cMieczysław Łubiński, Andrzej Filipowicz, Wojciech Żółtowski ; podrozdział 8.5 napisał Marian Giżejowski ; przykłady opracował Paweł Król [recenzent prof. dr hab. inż. Jerzy Ziółko].
250 _aWydanie 2 zmienione.
260 _aWarszawa :
_b"Arkady",
_c2000.
300 _a646 stron :
_bilustracje ;
_c25 cm.
336 _aTekst
_btxt
_2rdacontent
337 _aBez urządzenia pośredniczącego
_bn
_2rdamedia
338 _aWolumin
_bnc
_2rdacarrier
380 _aKsiążki
380 _aPublikacje fachowe
380 _aPublikacje dydaktyczne
385 _mPoziom nauczania
_aSzkoły wyższe
388 1 _a1901-2000
388 1 _a1989-2000
504 _aBibliografia, wykaz norm na stronach [637]-646.
521 8 _aKsiążka jest przeznaczona dla studentów wydziałów budowlanych wyższych uczelni technicznych oraz inżynierów projektantów.
650 7 _aKonstrukcje metalowe
650 7 _aProjektowanie
650 7 _aBudownictwo
655 7 _aPodręczniki akademickie
658 _aArchitektura i budownictwo
658 _aInżynieria i technika
700 1 _aKról, Paweł
_c(nauki techniczne)
_eOpracowanie
700 1 _aFilipowicz, Andrzej
_d(1938- )
_eAutor
700 1 _aŻółtowski, Wojciech
_d(1936-2015)
_eAutor
700 1 _aGiżejowski, Marian
_eAutor
700 1 _aZiółko, Jerzy
_eRecenzja
_d(1934-2020)
710 2 _aWydawnictwo Arkady
_4pbl
856 _uhttp://koha.tu.koszalin.pl/cgi-bin/koha/opac-detail.pl?biblionumber=39833
_yKatalog online BPK
942 _2UKD
_cKS
999 _c39833
_d39833